Sports Quiz

Random Sports or Cricket Quiz

Sri Lanka Test Cricket Records Quiz Stats

 Plays Quiz not verified by Sporcle

Challenge
Share
Tweet
Embed
Score 0/177 Timer 20:00
0 Plays Today
% Correct
Kumar Sangakkara & Mahela Jayawardene
99.8%
Mahela Jayawardene & Thilan Samaraweera
99.8%
Kumar Sangakkara & Mahela Jayawardene
99.8%
Thilan Samaraweera & Mahela Jayawardene
99.8%
Mahela Jayawardene
99.6%
Kumar Sangakkara
99.6%
Mahela Jayawardene
99.6%
Kumar Sangakkara
99.6%
Mahela Jayawardene
99.6%
Kumar Sangakkara
99.6%
Mahela Jayawardene
99.6%
Mahela Jayawardene
99.6%
Kumar Sangakkara
99.6%
Mahela Jayawardene
99.6%
Mahela Jayawardene
99.6%
Kumar Sangakkara
99.6%
Mahela Jayawardene
99.6%
Kumar Sangakkara
99.6%
Kumar Sangakkara
99.6%
Mahela Jayawardene
99.6%
Kumar Sangakkara
99.6%
Mahela Jayawardene
99.6%
Kumar Sangakkara
99.6%
Kumar Sangakkara
99.6%
Kumar Sangakkara
99.6%
Mahela Jayawardene
99.6%
Marvan Atapattu & Kumar Sangakkara
99.6%
Mahela Jayawardene & Prasanna Jayawardene
99.6%
Mahela Jayawardene
99.6%
Kumar Sangakkara
99.6%
Mahela Jayawardene
99.6%
Kumar Sangakkara
99.6%
Sanath Jayasuriya
99.4%
Sanath Jayasuriya
99.4%
Sanath Jayasuriya
99.4%
Sanath Jayasuriya
99.4%
Sanath Jayasuriya
99.4%
Sanath Jayasuriya
99.4%
Sanath Jayasuriya
99.4%
Sanath Jayasuriya
99.4%
Sanath Jayasuriya
99.4%
Sanath Jayasuriya
99.4%
Sanath Jayasuriya & Roshan Mahanama
99.4%
Marvan Atapattu & Sanath Jayasuriya
99.4%
Marvan Atapattu & Sanath Jayasuriya
99.4%
Sanath Jayasuriya
99.4%
Sanath Jayasuriya
99.4%
Prasanna Jayawardene
98.8%
Muttiah Muralitharan
98.8%
Muttiah Muralitharan
98.8%
Muttiah Muralitharan
98.8%
Muttiah Muralitharan
98.8%
Muttiah Muralitharan
98.8%
Muttiah Muralitharan
98.8%
Muttiah Muralitharan
98.8%
Muttiah Muralitharan
98.8%
Muttiah Muralitharan
98.8%
Muttiah Muralitharan
98.8%
Muttiah Muralitharan
98.8%
% Correct
Muttiah Muralitharan
98.8%
Muttiah Muralitharan
98.8%
Muttiah Muralitharan
98.8%
Muttiah Muralitharan
98.8%
Muttiah Muralitharan
98.8%
Muttiah Muralitharan
98.8%
Muttiah Muralitharan
98.8%
Muttiah Muralitharan
98.8%
Muttiah Muralitharan
98.8%
Prasanna Jayawardene
98.8%
Muttiah Muralitharan
98.8%
Muttiah Muralitharan
98.8%
Thilan Samaraweera & Tillakaratne Dilshan
98.2%
Chaminda Vaas
97.6%
Chaminda Vaas
97.6%
Chaminda Vaas
97.6%
Chaminda Vaas
97.6%
Chaminda Vaas
97.6%
Chaminda Vaas
97.6%
Chaminda Vaas
97.6%
Chaminda Vaas
97.6%
Aravinda de Silva
97.2%
Aravinda de Silva
97.2%
Aravinda de Silva
97.2%
Aravinda de Silva
97.2%
Aravinda de Silva
97.2%
Aravinda de Silva
97.2%
Aravinda de Silva
97.2%
Aravinda de Silva
97.2%
Aravinda de Silva
97.2%
Tillakaratne Dilshan
96.6%
Tillakaratne Dilshan
96.6%
Tillakaratne Dilshan
96.6%
Tillakaratne Dilshan
96.6%
Tillakaratne Dilshan
96.6%
Tillakaratne Dilshan
96.6%
Tillakaratne Dilshan
96.6%
Tillakaratne Dilshan
96.6%
Marvan Atapattu
96%
Marvan Atapattu
96%
Marvan Atapattu
96%
Marvan Atapattu
96%
Marvan Atapattu
96%
Marvan Atapattu
96%
Marvan Atapattu
96%
Marvan Atapattu
96%
Arjuna Ranatunga
94.4%
Arjuna Ranatunga
94.4%
Arjuna Ranatunga
94.4%
Arjuna Ranatunga
94.4%
Arjuna Ranatunga
94.4%
Arjuna Ranatunga
94.4%
Thilan Samaraweera
94%
Thilan Samaraweera
94%
Thilan Samaraweera
94%
Thilan Samaraweera
94%
Thilan Samaraweera
94%
Thilan Samaraweera
94%
Rangana Herath
88.1%
% Correct
Rangana Herath
88.1%
Rangana Herath
88.1%
Rangana Herath
88.1%
Lasith Malinga
87.3%
Lasith Malinga
87.3%
Lasith Malinga
87.3%
Lasith Malinga
87.3%
Duleep Mendis
84.9%
Ajantha Mendis
84.9%
Ajantha Mendis
84.9%
Ajantha Mendis
84.9%
Duleep Mendis
84.9%
Hashan Tillakaratne
80.8%
Hashan Tillakaratne
80.8%
Hashan Tillakaratne
80.8%
Hashan Tillakaratne
80.8%
Hashan Tillakaratne
80.8%
Hashan Tillakaratne
80.8%
Hashan Tillakaratne
80.8%
Hashan Tillakaratne
80.8%
Roshan Mahanama
76.2%
Roshan Mahanama
76.2%
Roshan Mahanama
76.2%
Dilhara Fernando
75.8%
Dilhara Fernando
75.8%
Dilhara Fernando
75.8%
Angelo Mathews
73.4%
Romesh Kaluwitharana
67.3%
Amal Silva
66.9%
Nuwan Zoysa
63.9%
Nuwan Zoysa
63.9%
Russel Arnold
61.3%
Kumar Dharmasena
56%
Kumar Dharmasena
56%
Rumesh Ratnayake
52%
Rumesh Ratnayake
52%
Rumesh Ratnayake
52%
Rumesh Ratnayake
52%
Asanka Gurusinha
49.6%
Asanka Gurusinha
49.6%
Asanka Gurusinha
49.6%
Nuwan Kulasekara
49.4%
Pramodya Wickramasinghe
47.6%
Upul Chandana
45%
Ashantha de Mel
44.4%
Ashantha de Mel
44.4%
Michael Vandort
40.5%
Ravi Ratnayeke
36.3%
Ravi Ratnayeke
36.3%
Bandula Warnapura
27.2%
Ravindra Pushpakumara
25.6%
Ravindra Pushpakumara
25.6%
Chanaka Welegedara
18.8%
Guy de Alwis
17.9%
Pramodya Wickramsinghe
12.7%
Jayananda Warnaweera
10.9%
Pubudu Dassanayake
10.9%
HM Goonatilleke
7.7%
Chamara Dunusinghe
5.6%

You're not logged in!

Compare scores with friends on all Sporcle quizzes.
Join for Free
OR
Log In

You Might Also Like...

Show Comments

Extras

Created Aug 1, 2012SourceReportNominate
Tags:Cricket Quiz, record, test

Top Quizzes Today


Score Distribution

Your Account Isn't Verified!

In order to create a playlist on Sporcle, you need to verify the email address you used during registration. Go to your Sporcle Settings to finish the process.

Report this User

Report this user for behavior that violates our Community Guidelines.

Details: